00452nam a2200193Ia 4500003000900000008004100009040001300050040001300063041000800076100001600084245008600100250000900186260001400195260000900209300001100218300001200229490001100241490000600252IT-RoPAU120407s9999 xx 000 0 und d aIT-RoPAU cIT-RoPAU aita aErich Fromm aVoi sarete come dei. Un’interpretazione radicale del VT e della sua tradizione. aRoma aUbaldini  c1970 a159 p. c21,1 cm aUlisse v1